| 000 | 00405nam a22001337a 4500 | ||
|---|---|---|---|
| 999 |
_c7834 _d7834 |
||
| 003 | OSt | ||
| 005 | 20200526121737.0 | ||
| 008 | 200526b ||||| |||| 00| 0 eng d | ||
| 020 | _a9788131522127 | ||
| 082 | _a658.404BAK | ||
| 245 |
_aMulti-company project management/ _bmaximizing business results through strategic collaboration |
||
| 260 |
_aIndia _bFt. Lauderdale, FL : J. Ross Pub., ©2010. |
||
| 942 | _2ddc | ||